000 01543nam a2200349Ia 4500
001 ebr10257080
003 CaPaEBR
006 m u
007 cr cn|||||||||
008 060713s2007 oncach sb 000 1 eng d
020 _z9781550227444 (pbk.)
020 _z1550227440 (pbk.)
040 _aCaPaEBR
_cCaPaEBR
035 _a(OCoLC)427510519
050 1 4 _aPN1992.77.T87
_bS73 2007eb
100 1 _aStanyard, Stewart,
_d1962-
245 1 0 _aDimensions behind the Twilight zone
_h[electronic resource] :
_ba backstage tribute to television's groundbreaking series /
_cStewart T. Stanyard.
246 3 0 _aTwilight zone
260 _aToronto :
_bECW Press,
_cc2007.
300 _axvi, 291 p. :
_bill., facsims., ports.
504 _aIncludes bibliographical references (p. 291).
533 _aElectronic reproduction.
_bPalo Alto, Calif. :
_cebrary,
_d2009.
_nAvailable via World Wide Web.
_nAccess may be limited to ebrary affiliated libraries.
600 1 0 _aSerling, Rod,
_d1924-1975.
630 0 0 _aTwilight zone (Television program : 1959-1964)
650 0 _aTelevision producers and directors
_zUnited States
_vInterviews.
650 0 _aTelevision actors and actresses
_zUnited States
_vInterviews.
650 0 _aScience fiction television programs
_zUnited States.
650 0 _aFantasy television programs
_zUnited States.
655 7 _aElectronic books.
_2local
710 2 _aebrary, Inc.
856 4 0 _uhttp://site.ebrary.com/lib/rucke/Doc?id=10257080
_zAn electronic book accessible through the World Wide Web; click to view
999 _c31660
_d31660